JRE-IKST-001の採用駅 - Statistics

General Stats
  • This quiz has been taken 20 times
  • The average score is 13 of 15
Answer Stats
Answer % Correct
東京
100%
八丁堀
95%
越中島
95%
葛西臨海公園
95%
潮見
89%
新木場
89%
新浦安
89%
市川塩浜
89%
千葉みなと
89%
二俣新町
84%
南船橋
84%
新習志野
84%
幕張豊砂
84%
検見川浜
84%
稲毛海岸
79%
No matching quizzes found
Score Distribution
Percent of People with Each Score
Percentile by Number Answered
Your Score History
You have not taken this quiz